Statistics for St. Louis Blues Captains

Click here to take the quiz!

General Stats

  • This quiz has been taken 65 times
  • The average score is 10 of 22

Answer Stats

YearsAnswer% Correct
1993-95Brett Hull
90%
2017-CurrentAlex Pietrangelo
88%
2012-16David Backes
74%
2004Chris Pronger
69%
1998-02Chris Pronger
69%
2003Al MacInnis
66%
1989Bernie Federko
64%
1996Wayne Gretzky
64%
1973-76Barclay Plager
55%
1980-88Brian Sutter
45%
1978Red Berenson
38%
1971Red Berenson
38%
2009-11Eric Brewer
34%
1977Garry Unger
33%
1991Scott Stevens
28%
2006-07Dallas Drake
26%
1992Garth Butcher
21%
1968-71Al Arbour
19%
1996Shayne Corson
16%
1990Rick Meagher
12%
1979Barry Gibbs
5%
1972Jimmy Roberts
5%

Score Distribution

Percentile by Number Answered

Percent of People with Each Score

Your Score History

You have not taken this quiz